Taylor Swift - Devine les chansons par le refrain #16 - Statistiques

Statistiques générales
  • Ce quiz a été pris 117 fois
  • Le résultat moyen est 8 sur 15
Statistiques - réponses
Hint Réponse % Correct
I think I've seen this film beforeAnd I didn't like the ending You're not my homeland anymore So what am I defending now? You were my town, now I'm in ***, seein' you out I think I've seen this film before exile
94%
I think there's been a ***, oh, yeahFive seconds later, I'm fastening myself to you with a stitch, oh, yeah And I'm not even sorry, nights are so starry Blood moonlit It must be counterfeit I think there's been a ***, oh, yeah Glitch
83%
There'll be *** after youBut there was *** because of you Both of these things can be true There is *** happiness
70%
We found ***, you and I got lost in itAnd we pretended it could last forever, eh We found ***, you and I got lost in it And life was never worse, but nevеr better, eh, еh Wonderland
70%
"This town is fake, but you're the real thingBreath of fresh air through smoke rings Take the glory, give everything Promise to be dazzling" Clara Bow
64%
(What about your promises, promises?)You really blew this, *** We ain't getting through this one, *** This is the last time I'll ever call you, *** (This is the last time, this is the last time) This is the last time I'll ever call you, *** (What about your promises, promises, promises? No) Babe
63%
I didn't come here to make friendsWe were born to be *** When you hold me, it holds me together And you kiss me in a way that's gonna screw me up forever Suburban Legends
61%
I watch *** fly awayYou've got a busy day today Go save the world, I'll be around And I watch *** fly away Come back, I'll be with you someday I'll be right here on the ground When you come back down Superman
59%
"Come on, baby, with meWe're gonna fly away from here You were my best four years" Ronan
48%
I said, "Leave," but all I really want is youTo stand outside my window, throwin' pebbles Screamin', "I'm in love with you" Wait there in the pourin' rain, comin' back for more And don't you leave 'cause I know All I need is on *** The Other Side Of The Door
47%
Stood on the cliffside screaming, "Give me a reason"Your faithless love's the only *** I believe in Don't want no other shade of blue but you No other sadness in the world would do hoax
45%
Come back, come back, come back to me likeYou would, you would *** Stand in the rain outside 'til I came out Come back, come back, come back to me like You could, you could if you just said you're sorry I know that we could work it out somehow But ***, you'd be here by now If This Was a Movie
44%
That old familiar body acheThe snaps from the same little breaks in your soul You know when *** it’s time to go
38%
Ooh-ah*** Ooh-ah *** Ooh-ah *** 'Cause you have to Soon You’ll Get Better
31%
Woah-oh, I'm feelin' you, babyDon't be afraid to *** *** into me Baby, I'm never gonna leave you Say that you wanna be with me too 'Cause I'ma stay through it all So, *** Jump Then Fall
30%
Aucun quiz correspondant
Distribution des résultats
% des personnes avec chaque résultat
Percentile par nombre de réponses
Votre historique - résultats
Vous n’avez pas pris ce quiz